000 00542nam a2200181 4500
001 144438
003 ES-MaACL
005 20231218150757.0
007 t|
008 070214s1980 sp r ||||1| spa d
100 1 _aSiles Artés, José,
_d1930-
_9106341
245 1 3 _aLa urna lacrada
_b: (historia de unas oposiciones) /
_cJosé Siles Artes.
250 _a1ª. ed.
260 _aBarcelona :
_bIniciativas de Cultura,
_c1980.
300 _a164 p. ;
_c21 cm.
852 _aES-MaACL
_jL-5377
_bR.105658
999 _c144438
_d144438